| 000 | 00712nam a2200241Ia 4500 | ||
|---|---|---|---|
| 003 | OSt | ||
| 005 | 20220925221756.0 | ||
| 006 | a|||||r|||| 00| 0 | ||
| 007 | ta | ||
| 008 | 220923b |||||||| |||| 00| 0 eng d | ||
| 020 | _a0860910385 | ||
| 037 | _cGeneral Book | ||
| 040 |
_aRTL _cRTL _beng |
||
| 041 |
_2eng _aeng |
||
| 082 | _aX.58.N39<--N17, M1 | ||
| 100 |
_aDay Richard B _922350 |
||
| 245 | 0 |
_aCrisis and the crash _b Soviet studies of the West,( 1917-1939) |
|
| 260 |
_aLondon _bNLB _c1981 |
||
| 300 |
_ax,300p. _ccm. |
||
| 650 | _aEconomic Condition Russia | ||
| 942 |
_hX.58.N39<--N17, M1 _cGB _2CC |
||
| 999 |
_c575315 _d575315 |
||